000 00836nam a2200229Ia 4500
005 20251020182611.0
008 200515s9999 xx 000 0 und d
082 _aSC/666.956/O64
100 _aORE TORRE, John César
245 0 _aTrabajos realizados en el Laboratorio de Suelos, Concreto y Asfaltos : Informe Técnico
260 _aLima
260 _c1998
300 _a39
500 _a analizar y determinar las características de los suelos y materiales constructivos, para su utilización en obra de acuerdo a normas internacionales (ASTM, AASHTO, COPANT) y nacionales (N. T. P.)
520 _aTrabajo de laboratorio que consistieron en la ejecución de ensayos de laboratorios
650 _aAGREGADOS
650 _aCONCRETO
650 _aLABORATORIO DE SUELOS
650 _aLIB
650 _aM-SENC
942 _cLIB
999 _c3359
_d3359